Lo urbano y lo rural, una relación indisociable: importancia del suelo de conservación del Distrito Federal /

Spremljeno u:
Bibliografski detalji
Glavni autor: Martínez Rivera, Sergio E.
Format: Tekst
Teme:
Oznake: Dodaj oznaku
Bez oznaka, Budi prvi tko označuje ovaj zapis!

MARC

LEADER 00000 a a2200000 04500
001 5376
003
040
100 |a Martínez Rivera, Sergio E.  
245 |a Lo urbano y lo rural, una relación indisociable:   |b importancia del suelo de conservación del Distrito Federal /  |c Sergio E. Martínez Rivera 
650 |a MEDIO URBANO  
650 |a AMBIENTE RURAL  
650 |a POLITICAS URBANAS  
650 |a PRODUCCION AGROPECUARIA  
650 |a URBANIZACION  
650 |a MEXICO  
773 |g número 339; páginas 34-45  
999 |c 26462  |d 26462